| 000 | 00778nab a2200241 u 4500 | ||
|---|---|---|---|
| 001 | 20732 | ||
| 003 | HDC | ||
| 007 | cr bn ---aaaaa | ||
| 008 | 210306c |r|noo 0 a d | ||
| 040 | _aHDC | ||
| 245 | 0 | _aOVER 30 COUNTRIES TO PARTICIPATE IN PLASTICS & PACK 2016 | |
| 260 |
_a[No place] : _b[publisher not identified], _c2016 |
||
| 336 |
_atext _2rdacontent |
||
| 337 |
_acomputer _2rdamedia |
||
| 338 |
_aonline resource _2rdacarrier |
||
| 650 |
_aPackaging _912797 |
||
| 650 |
_aPlastic _910129 |
||
| 710 | _aDAILY TIMES | ||
| 856 | _zRequest full-text at [email protected] | ||
| 942 | _2lcc | ||
| 942 | _cNEWS | ||
| 942 | _kNWSO 010083 | ||
| 999 |
_c18048 _d18048 |
||